000 00374nam a22001577a 4500
005 20251108173209.0
008 250721s9999 xx 000 0 eng d
082 1 4 _a540/kat
100 1 _akatrib, prof . a.
245 1 0 _ageneral chemistry : problms and solutions /
264 1 _akuwait :
300 _a298
650 1 7 _aCHEMISTRY
942 _2ddc
_cBK
999 _c98322
_d98322